MARC

LEADER 00000nam1a2200000 4500
001 141420
005 20231031142429.0
010 |a 5217009845 
020 |a RU  |b 91-20468 
035 |a (RuTPU)RU\TPU\book\153282 
090 |a 141420 
100 |a 20080814d1991 km y0rusy5003 ca 
101 0 |a rus 
200 1 |a Анализ кусочно-линейных систем с фазовым регулированием  |f Б. И. Шахтарин 
210 |a Москва  |c Машиностроение  |d 1991 
215 |a 191 с.  |c ил. 
320 |a Библиогр.: с. 191-192. 
610 1 |a автоматические системы 
610 1 |a математические исследования 
610 1 |a системы регулирования 
610 1 |a кусочно-линейные системы 
610 1 |a анализ 
675 |a 681.511.2.012  |z rus 
686 |a 28.15  |2 rugasnti 
700 1 |a Шахтарин  |b Б. И.  |g Борис Ильич  |4 070 
801 0 |a RU  |b RuMRKP  |c 19950417  |g psbo 
801 1 |a RU  |b 63413507  |c 20080814  |g PSBO 
801 2 |a RU  |b 63413507  |c 20111004  |g PSBO 
942 |c BK